La demanda de liquidez internacional de los países en desarrollo (Registro nro. 24572)

Detalles MARC
000 -LEADER
fixed length control field 00362 a2200109 4500
001 - CONTROL NUMBER
control field ART_9465
005 - DATE AND TIME OF LATEST TRANSACTION
control field 20260410161846.0
008 - FIXED-LENGTH DATA ELEMENTS--GENERAL INFORMATION
fixed length control field 260409a
100 1# - MAIN ENTRY--PERSONAL NAME
Personal name Edwards, Sebastián
245 10 - TITLE STATEMENT
Title La demanda de liquidez internacional de los países en desarrollo
773 0# - HOST ITEM ENTRY
Title El trimestre económico
Related parts - Vol. LI, Nº 201 (ene./mar. 1984)
Record control number REV6933

No hay ítems disponibles.